| 000 | 00861cam7a220022900 4500 | ||
|---|---|---|---|
| 001 | qce01232428 | ||
| 005 | 20190819100331.0 | ||
| 008 | 761213s1961 th a i000 0 engxu | ||
| 035 | _a(Sirsi) r91323 | ||
| 035 | _a(QCAT)lss01440233 | ||
| 035 | _a(UPRA)qce01232428 | ||
| 040 | _dUPRA | ||
| 110 | 2 |
_bEconomic Commission for Asia and the Far East. _bGroup of Experts on Programming Techniques. _6A50525.1 |
|
| 245 | 1 | 0 |
_aFormulating industrial development programmes with special reference to Asia and the Far East : _breport. |
| 260 |
_aBangkok, _c1961. |
||
| 500 | _a[United Nations. Document] E/CN.11/567. | ||
| 500 | _a"United Nations publication. Sales no.: 61.II.F.7." | ||
| 650 | 0 |
_aIndustries -- Asia. _zIndustries -- Asia. _6S37033.1 |
|
| 650 | 0 |
_aIndustrialization. _6S24598.1 |
|
| 949 |
_aMICROCARD _wlcc _mMAIN _tBOOK _lON-SHELF |
||
| 004 | 91323 | ||
| 999 |
_c100786 _d100786 |
||